000 00565nam a2200169 i 4500
001 29186
003 ES-MaACL
007 t|
008 030121s1975 sp ||||1| spa d
245 0 0 _aBanca Oficial y Banca Privada dentro de las economías en proceso de desarrollo /
_cAntonio Barrera de Irimo... [et al.].
250 _a[1ª ed.].
260 _a[Barcelona] :
_bDopesa,
_c[1975]
300 _a433 p. ;
_c24 cm.
700 1 _aBarrera de Irimo, Antonio.
_925928
711 2 _aSemana Económica Internacional (
_n5ª)
_91004
852 _aES-MaACL
_jE-8415
_bR.92946
999 _c29186
_d29186